000 00928nam a22002417a 4500
005 20240530110526.0
008 160303s2012 ua g 000 0dara d
020 _a9789773771498
040 _aEG-CaGPL
082 0 4 _221
_a658.72\
_bج ت
100 1 _aجيزيوناس ، نيكول
245 1 0 _aتطوير ادارة سلاسل التوريد :
_bتحويل المشترى الى مدير سلسلة توريد /
_cتاليف نيكول جيزيوناس ؛ ترجمة بسمة ياسين
250 _aط1
260 _aالقاهرة :
_bمجموعة النيل العربية ،
_c2012 .
300 _a261 ص ؛
_c24 سم .
650 0 4 _aادارة المشتريات
650 0 4 _aالتوريدات
_xتنظيم و ادارة
650 0 4 _aالعطاءات
650 0 4 _aالمناقصات
700 0 _aبسمة ياسين
_eمترجم
942 _2ddc
_cBK
999 _c61986
_d61986